Possibilities and Limits of Adopting Successful Managerial Approaches: From “Best Practice” To “Best Fit”

Kritické preskúmanie podmienok najlepších postupov pri riadení podnikov a poukázanie na ich limity. Dospenie k záveru, že odporúčania o "najlepších postupoch" sú zriedka založené na dôsledných empirických metódach výskumu a preto sú všeobecne nespoľahlivé.

Guardado en:
Detalles Bibliográficos
Autor principal: Urban, Jan
Formato: Capítulo de libro
Lenguaje:inglés
Materias:
Etiquetas: Agregar Etiqueta
Sin Etiquetas, Sea el primero en etiquetar este registro!

MARC

LEADER 00000naa a2200000 4500
001 0246343
005 20211214131344.6
041 0 |a eng 
044 |a SK 
245 1 0 |a Possibilities and Limits of Adopting Successful Managerial Approaches: From “Best Practice” To “Best Fit”  |c Jan Urban 
520 |a Kritické preskúmanie podmienok najlepších postupov pri riadení podnikov a poukázanie na ich limity. Dospenie k záveru, že odporúčania o "najlepších postupoch" sú zriedka založené na dôsledných empirických metódach výskumu a preto sú všeobecne nespoľahlivé. 
610 2 0 |a manažment 
610 2 0 |a riadenie podnikové 
610 2 0 |a stratégia podniková 
610 2 0 |a manažment personálny 
610 2 0 |a metódy rozhodovania 
100 1 |a Urban, Jan